A-Z Men's ATP Tennis Players - Statistics

General Stats
  • This quiz has been taken 452 times
    387 since last reset
  • The average score is 18 of 25
Answer Stats
Ranking Country Letter Answer % Correct
1 Serbia D Novak Djokovic
99%
3 Germany Z Alexander Zverev
93%
9 Spain A Carlos Alcaraz
92%
5 Greece T Stefanos Tsitsipas
92%
2 Russia M Daniil Medvedev
91%
4 Spain N Rafael Nadal
91%
7 Norway R Casper Ruud
89%
12 Italy S Jannik Sinner
88%
6 Italy B Matteo Berrettini
88%
14 Poland H Hubert Hurkacz
84%
13 United States F Taylor Fritz
81%
244 Switzerland W Stan Wawrinka
80%
23 United States I John Isner
78%
24 Russia K Karen Khachanov
74%
96 Sweden Y Mikael Ymer
66%
19 Spain C Pablo Carreno Busta
63%
31 Chile G Christian Garin
62%
27 United Kingdom E Daniel Evans
60%
49 Serbia L Dusan Lajovic
59%
17 United States O Reilly Opelka
59%
33 United States P Tommy Paul
57%
115 United States Q Sam Querrey
49%
73 Czech Republic V Jiri Vesely
33%
107 United States J Steve Johnson
33%
259 Japan U Yasutaka Uchiyama
21%
No matching quizzes found
Score Distribution
Percent of People with Each Score
Percentile by Number Answered
Your Score History
You have not taken this quiz since the last reset